<?xml version="1.0" encoding="UTF-8"?>
<record
    xmlns:xsi="http://www.w3.org/2001/XMLSchema-instance"
    xsi:schemaLocation="http://www.loc.gov/MARC21/slim http://www.loc.gov/standards/marcxml/schema/MARC21slim.xsd"
    xmlns="http://www.loc.gov/MARC21/slim">

  <leader>01049nam a22002774aa4500</leader>
  <controlfield tag="003">BOFEUTO</controlfield>
  <controlfield tag="005">20260512143440.0</controlfield>
  <controlfield tag="008">      t2025    bo     gr     000 f spa d</controlfield>
  <datafield tag="040" ind1=" " ind2=" ">
    <subfield code="6">BOFEUTO</subfield>
    <subfield code="a">BOFEUTO</subfield>
    <subfield code="c">BOFEUTO</subfield>
  </datafield>
  <datafield tag="041" ind1=" " ind2=" ">
    <subfield code="a">spa</subfield>
  </datafield>
  <datafield tag="044" ind1=" " ind2=" ">
    <subfield code="a">bo</subfield>
  </datafield>
  <datafield tag="082" ind1=" " ind2=" ">
    <subfield code="a">TE6294</subfield>
    <subfield code="b">L864</subfield>
  </datafield>
  <datafield tag="100" ind1=" " ind2=" ">
    <subfield code="a">L&#xF3;pez Aquino, Noemi Senobia</subfield>
    <subfield code="e">autor</subfield>
  </datafield>
  <datafield tag="245" ind1=" " ind2=" ">
    <subfield code="a">Aplicaci&#xF3;n de estrategias de marketing de contenidos en la Empresa Alimentos Naturales Andinos del sur de la ciudad de Oruro</subfield>
    <subfield code="c">Noemi Senobia L&#xF3;pez Aquino</subfield>
  </datafield>
  <datafield tag="260" ind1=" " ind2=" ">
    <subfield code="a">Oruro :</subfield>
    <subfield code="b">s/n ;</subfield>
    <subfield code="c">2025 .</subfield>
  </datafield>
  <datafield tag="300" ind1=" " ind2=" ">
    <subfield code="a">151 hojas :</subfield>
    <subfield code="b">gr&#xE1;f, tab. ;</subfield>
    <subfield code="c">28.5 cm .</subfield>
  </datafield>
  <datafield tag="500" ind1=" " ind2=" ">
    <subfield code="a">Incluye bibliograf&#xED;a, anexos.</subfield>
  </datafield>
  <datafield tag="502" ind1=" " ind2=" ">
    <subfield code="a">Trabajo Dirigido, (Licenciatura) -- Universidad T&#xE9;cnica de Oruro, Facultad de Ciencias Econ&#xF3;micas, Financieras y Administrativas, Carrera Administraci&#xF3;n de Empresas, 2025.</subfield>
  </datafield>
  <datafield tag="650" ind1=" " ind2=" ">
    <subfield code="a">Estrat&#xE9;gias de Marketing</subfield>
  </datafield>
  <datafield tag="653" ind1=" " ind2=" ">
    <subfield code="a">Empresa</subfield>
  </datafield>
  <datafield tag="653" ind1=" " ind2=" ">
    <subfield code="a">Comercio</subfield>
  </datafield>
  <datafield tag="653" ind1=" " ind2=" ">
    <subfield code="a">Crecimiento</subfield>
  </datafield>
  <datafield tag="653" ind1=" " ind2=" ">
    <subfield code="a">Productos</subfield>
  </datafield>
  <datafield tag="700" ind1=" " ind2=" ">
    <subfield code="a">Del Castillo Rodr&#xED;guez, Rosario</subfield>
    <subfield code="e">tutor</subfield>
  </datafield>
  <datafield tag="942" ind1=" " ind2=" ">
    <subfield code="2">ddc</subfield>
    <subfield code="c">TE</subfield>
    <subfield code="n">0</subfield>
  </datafield>
  <datafield tag="999" ind1=" " ind2=" ">
    <subfield code="c">16146</subfield>
    <subfield code="d">16146</subfield>
  </datafield>
  <datafield tag="952" ind1=" " ind2=" ">
    <subfield code="0">0</subfield>
    <subfield code="1">0</subfield>
    <subfield code="2">ddc</subfield>
    <subfield code="4">0</subfield>
    <subfield code="7">0</subfield>
    <subfield code="a">UTO</subfield>
    <subfield code="b">UTO</subfield>
    <subfield code="c">4</subfield>
    <subfield code="d">2026-05-04</subfield>
    <subfield code="i">6294</subfield>
    <subfield code="l">0</subfield>
    <subfield code="o">TE6294/L864/2025</subfield>
    <subfield code="p">TE6294</subfield>
    <subfield code="r">2026-05-12 14:35:24</subfield>
    <subfield code="t">Ej.1</subfield>
    <subfield code="w">2026-05-12</subfield>
    <subfield code="y">TE</subfield>
  </datafield>
</record>
